000 00574cam a2200205 4500
001 D3348
008 090401t1984 xxu||||| |||| 00| 0 eng d
020 _a0729206319
035 _a(Sirsi) u72883
041 _aeng
050 _a338.4369
_c18
110 _aEconomic Development Committees for Building and Civil Engineering
_964
245 _aConstruction to 1990
260 _aLondon
_bNational Economic Development Office
_c1984
300 _avi, 134p.
_c30cm
350 _a25
690 _aBUILT ENVIRONMENT-CONSTRUCTION MARKET
942 _n0
948 _c04/03/1997
999 _c95537
_d95537